Mannum sasyaposhanavum (Record no. 22814)

MARC details
000 -LEADER
fixed length control field 00354nam a2200133Ia 4500
082 ## - DEWEY DECIMAL CLASSIFICATION NUMBER
Classification number 631.4:631.811
Item number VIJ
100 ## - MAIN ENTRY--AUTHOR NAME
Personal name PISHARODY, T N P
245 #0 - TITLE STATEMENT
Title Mannum sasyaposhanavum
260 ## - PUBLICATION, DISTRIBUTION, ETC. (IMPRINT)
Place of publication Trivandrum
Name of publisher State Inst of Languages
Year of publication 1971
650 ## - SUBJECT ADDED ENTRY--TOPICAL TERM
Topical Term Plant nutrition
700 ## - ADDED ENTRY--PERSONAL NAME
Personal name VIJAYAN, M R
942 ## - ADDED ENTRY ELEMENTS (KOHA)
Koha item type Books
Holdings
Withdrawn status Lost status Damaged status Not for loan Home library Current library Shelving location Date acquired Full call number Accession Number Koha item type
        RRII Library RRII Library Malayalam 16/12/2021 631.4:631.811 VIJ 03525 Books